000 00672nam a22001815i 4500
001 52962
003 ES-MaACL
005 20230906162657.0
007 t|
008 940301s1871 sp ||||1| spa d
040 _aAS
_bspa
100 1 _aDomingo de Morató, Domingo Ramón.
_945138
245 1 0 _aEstudios de ampliación de la historia de los códigos españoles y de sus instituciones sociales, civiles y políticas /
_cpor Domingo Ramón Domingo de Morató.
250 _a2ª ed.
260 _aValladolid :
_b[s.n.],
_c1871 (
_fImprenta y Librería Nacional y Estranjera [sic] de Hijos de Rodríguez)
300 _aVII, 376 p. ;
_c23 cm.
852 _aES-MaACL
_jF-1822
999 _c52962
_d52962